000 00661nam a22002297a 4500
003 UA-OsUOA
001 49629
007 ta
008 20140113b un ||||| |||| 00| 0 ukr d
100 _aШаповал Ю.
090 _a94(477)
_bШ24
942 _cBK
040 _aUA-OsUOA
_bukr
_cUA-OsUOA
_dUA-OsUOA
245 _aУкраїна ХХ століття: Особи та події в контексті важкої історії
300 _a560 с.; іл. с.
955 _a1
041 _aukr
080 _a94(477)
260 _aК.
_bГенеза
_c2001
650 7 _a9 Географія. Біографії. Історія
_2UDC
999 _c429751
_d429751